000
00357nam a2200145Ia 4500
008
151213s9999 xx 000 0 und d
100
_a
Arnold, V.A.
245
_a
Tapestries
_c
Arnold, V.A.
260
_a
New york
_b
McMillan
_c
1991
300
_a
1741 p.
650
_a
English Language
650
_a
English Language
700
_a
Arnold, V.A.
999
_c
1283
_d
1283